[Event "FICGS no engines 00 email"]
[Site "FICGS email"]
[Date "2010.11.14"]
[Round "1"]
[White "Dugovic, Daniel R"]
[Black "Plunkett, Louis"]
[Result "1-0"]
[WhiteElo "2017"]
[BlackElo "1623"]
[PlyCount "63"]
[EventDate "2010.??.??"]
[EventType "swiss (corr)"]
[EventRounds "1"]
[SourceTitle "Corr 2013"]
[Source "ChessBase"]
[SourceDate "2012.11.12"]
[SourceVersion "1"]
[SourceVersionDate "2012.11.12"]
[SourceQuality "1"]

1. d4 Nf6 2. c4 c5 3. d5 b5 4. cxb5 a6 5. bxa6 Bxa6 6. Nc3 g6 7. e4 d6 8. Qa4+ Nfd7 9. Bb5 Bg7 10. Nge2 0-0 11. 0-0 Bb7 12. Qc2 Na6 13. Rb1 Nb4 14. Qb3 Ne5 15. f4 Ned3 16. Be3 Qc8 17. Qd1 Ba6 18. a3 Bxb5 19. Nxb5 Nxb2 20. Rxb2 Bxb2 21. axb4 Ra2 22. bxc5 dxc5 23. Qb3 Qa6 24. Nec3 Bxc3 25. Nxc3 Ra1 26. Rxa1 Qxa1+ 27. Kf2 Ra8 28. Bxc5 Qa5 29. Qb4 Qa1 30. Bd4 Qc1 31. Ne2 Qc2 32. Qxe7 1-0

[Event "FICGS theme 0001 email"]
[Site "FICGS email"]
[Date "2010.09.18"]
[Round "1"]
[White "Hase, Pavel"]
[Black "Dugovic, Daniel R"]
[Result "1-0"]
[WhiteElo "2196"]
[BlackElo "2017"]
[PlyCount "37"]
[EventDate "2010.??.??"]
[EventType "swiss (corr)"]
[EventRounds "1"]
[SourceTitle "Corr 2013"]
[Source "ChessBase"]
[SourceDate "2012.11.12"]
[SourceVersion "1"]
[SourceVersionDate "2012.11.12"]
[SourceQuality "1"]

1. c4 e5 2. g3 f5 3. Nc3 Bb4 4. Nf3 Nc6 5. Nd5 Bd6 6. d4 Nf6 7. c5 Nxd5 8. cxd6 cxd6 9. dxe5 Ndb4 10. a3 Na6 11. Qxd6 Qa5+ 12. Bd2 Qc5 13. b4 Qxd6 14. exd6 b5 15. e3 Rb8 16. Be2 0-0 17. 0-0 Rf6 18. a4 Naxb4 19. axb5 1-0